000 00426nam a2200133 4500
005 20260530113852.0
100 1 _aMelvin Kranzberg / Carrol W. Pursell, Jr.
_931340
245 1 0 _aHistoria de la Tecnología • La técnica en Occidente de la Prehistoria a 1900
264 1 _bGustavo Gili Barcelona
_c1988
300 _a880 páginas
336 _atexto
_2rdacontent
337 _asin medio
_2rdamedia
338 _avolumen
_2rdacarrier
999 _c11492
_d11492